| 000 | 00000nam##2200000za#4500 |
| 001 | 9.589869 |
| 003 | CaOODSP |
| 005 | 20210624195843 |
| 007 | cr ||||||||||| |
| 008 | 150406|1987||||xxc|||||o f|0| 0 eng|d |
| 022 | |a1488-5379 |
| 040 | |aCaOODSP|beng |
| 041 | |aeng |
| 041 | |afre |
| 043 | |an-cn--- |
| 086 | 1 |aFs97-6/1575-PDF |
| 110 | 1 |aCanada. |bDepartment of Fisheries and Oceans. |
| 245 | 10|aProceedings of the Thirteenth Annual Aquatic Toxicity Workshop – November 12-14, 1986, Moncton, New Brunswick / |h[electronic resource]|cEditor J.S.S. Lakshminarayana. |
| 260 | |aOttawa - Ontario : |bFisheries and Oceans Canada |c1987. |
| 300 | |a204p.|bfigs., illus., references, tables |
| 490 | 1 |aCanadian technical report of fisheries and aquatic sciences|x1488-5379|vNo. 1575 |
| 500 | |aIssued by Minister of Supply and Services Canada. The catalogue number and ISSN for the print edition appear in the PDF version. |
| 546 | |aPrefatory texts in English and French. Articles in their original languages. |
| 590 | |a14-03-Supp|b2014-01-17 |
| 720 | 1 |aLakshminarayana, J. S. S. |
| 792 | |tCompte rendu des communications du treizième atelier annuel sur la toxicité aquatique du 12 au 14 novembre 1986, Moncton, Nouveau-Brunswick / |efre|w(CaOODSP)9.589870 |
| 830 | #0|aCanadian technical report of fisheries and aquatic sciences,|x1488-5379|vNo. 1575|w(CaOODSP)9.500269 |
| 856 | 40|ahttp://publications.gc.ca|qPDF|s8009 KB|uhttps://publications.gc.ca/collections/collection_2014/mpo-dfo/Fs97-6-1575.pdf|yNo. 1575 |